[Event "SVK-chT2A 1819"]
[Site "Slovakia"]
[Date "2019.03.02"]
[Round "8.8"]
[White "Musaev, Matej Elbek"]
[Black "Cervenak, Ladislav"]
[Result "0-1"]
[WhiteElo "1784"]
[BlackElo "1762"]
[PlyCount "142"]
[EventDate "2018.10.13"]
[EventType "team-tourn"]
[EventRounds "11"]
[EventCountry "SVK"]
[SourceTitle "EXT 2020"]
[Source "ChessBase"]
[SourceDate "2019.10.17"]
[SourceVersion "1"]
[SourceVersionDate "2019.10.17"]
[SourceQuality "1"]
[WhiteTeam "Piestany Kupele"]
[BlackTeam "Bratislava Slovan IV"]
[WhiteTeamCountry "SVK"]
[BlackTeamCountry "SVK"]

1. e4 e5 2. Nf3 Nf6 3. Nxe5 d6 4. Nf3 Nxe4 5. d4 d5 6. c4 c6 7. Nc3 Bb4 8. Qc2 Qa5 9. Bd2 Nxd2 10. Qxd2 0-0 11. Be2 dxc4 12. Bxc4 Re8+ 13. Ne5 Be6 14. 0-0 Qc7 15. Bd3 Nd7 16. Nxd7 Bxd7 17. Bc2 Rad8 18. Qd3 g6 19. Ne4 Kg7 20. Qc4 Ba5 21. Nc5 Be6 22. Nxe6+ Rxe6 23. Rfd1 Red6 24. Rd3 b5 25. Qc5 Rd5 26. Qa3 Rxd4 27. Rad1 Rxd3 28. Rxd3 Rxd3 29. Qxd3 Bb6 30. g3 Qe5 31. b3 Qe1+ 32. Qf1 Bxf2+ 33. Kg2 Qxf1+ 34. Kxf1 Bd4 35. Be4 c5 36. Bc6 b4 37. Bd5 f5 38. Kg2 Kf6 39. Kf3 Ke5 40. Bg8 h6 41. h3 g5 42. Bf7 f4 43. h4 fxg3 44. hxg5 hxg5 45. Kxg3 Ke4 46. Kg4 Be3 47. Bc4 Kd4 48. Kf3 Bf4 49. Be6 Kc3 50. Ke4 Kb2 51. Kd5 Be3 52. Ke4 Bd4 53. Kf5 Kxa2 54. Kxg5 Kb2 55. Kf4 Kc3 56. Ke4 a5 57. Bf7 a4 58. bxa4 b3 59. Kd5 Kb4 60. a5 Kxa5 61. Kc4 Ka4 62. Kd3 Ka3 63. Kd2 Kb2 64. Bc4 Bf6 65. Bf7 Bg5+ 66. Kd1 Kc3 67. Be6 c4 68. Bf7 Kb4 69. Be6 c3 70. Bf5 Ka3 71. Bg6 Kb2 0-1